| 000 | 00484nam a22001937a 4500 | ||
|---|---|---|---|
| 003 | MPLRDC | ||
| 005 | 20220104150905.0 | ||
| 008 | 210129b ||||| |||| 00| 0 eng d | ||
| 020 | _a986-127-059-0 | ||
| 082 | _a857.62 LBL-8 v.10 | ||
| 100 | _aMAURICE LEBLANE | ||
| 245 |
_a血染的念珠 _c叶亮编译 |
||
| 250 | _a初版 | ||
| 260 |
_a _b侦查馆 _c2003 |
||
| 300 | _b平 | ||
| 490 | _a亚森罗苹探案集. 10 | ||
| 650 | _a推理小说 | ||
| 942 |
_cBK _o857.62 LBL-8 v.10 |
||
| 999 |
_c52099 _d52089 |
||